[Event "EU-ch U18"]
[Site "Mureck"]
[Date "1998.??.??"]
[Round "1"]
[White "Karatekin, Tamer"]
[Black "Dempsey, Paul"]
[Result "1-0"]
[WhiteElo "2325"]
[BlackElo "2075"]
[PlyCount "87"]
[EventDate "1998.07.08"]
[EventType "swiss"]
[EventRounds "9"]
[EventCountry "AUT"]
[SourceTitle "CBM 065 Extra"]
[Source "ChessBase"]
[SourceDate "1998.09.09"]
[SourceVersion "1"]
[SourceVersionDate "1998.09.09"]
[SourceQuality "1"]

1. e4 c6 2. d3 d5 3. Nd2 Qc7 4. Ngf3 Bg4 5. g3 Nd7 6. h3 Bh5 7. Bg2 Ngf6 8. 0-0 e5 9. Qe1 dxe4 10. dxe4 Be7 11. Nh4 Bc5 12. Nc4 Bg6 13. b4 b5 14. bxc5 bxc4 15. Nxg6 hxg6 16. Be3 0-0 17. Qc3 Rab8 18. Rab1 Rb5 19. a4 Qa5 20. Qxc4 Rxb1 21. Rxb1 Rb8 22. Rxb8+ Nxb8 23. c3 Nbd7 24. Qb4 Qc7 25. a5 Nf8 26. Bf1 Ne6 27. Bc4 Nd8 28. Be2 Kh7 29. Kg2 Ne6 30. a6 Qd7 31. f3 Qe7 32. Bc4 Nd8 33. Qb8 Ne8 34. Qc8 Qc7 35. Qxc7 Nxc7 36. Bc1 Kg8 37. Ba3 Kf8 38. Bb4 Ke7 39. Ba5 Kd7 40. Bxc7 Kxc7 41. f4 f6 42. fxe5 fxe5 43. Kf3 Kd7 44. Kg4 1-0

[Event "EU-ch U18"]
[Site "Mureck"]
[Date "1998.??.??"]
[Round "7"]
[White "Karatekin, Tamer"]
[Black "Stojanov, Stanislav"]
[Result "1-0"]
[WhiteElo "2325"]
[BlackElo "2045"]
[PlyCount "69"]
[EventDate "1998.07.08"]
[EventType "swiss"]
[EventRounds "9"]
[EventCountry "AUT"]
[SourceTitle "CBM 065 Extra"]
[Source "ChessBase"]
[SourceDate "1998.09.09"]
[SourceVersion "1"]
[SourceVersionDate "1998.09.09"]
[SourceQuality "1"]

1. e4 c5 2. Nf3 Nc6 3. c3 e6 4. d4 d5 5. exd5 exd5 6. Bb5 Bd6 7. 0-0 Nge7 8. dxc5 Bxc5 9. Nbd2 0-0 10. Nb3 Bd6 11. Re1 Bg4 12. Bg5 Qc7 13. h3 Bh5 14. Be2 Bg6 15. Nbd4 a6 16. Qd2 h6 17. Be3 Be4 18. Rad1 Ng6 19. Bd3 Nce5 20. Nxe5 Nxe5 21. Bxe4 dxe4 22. Nf5 Nc4 23. Qd4 Be5 24. Qxe4 Nxe3 25. Rxe3 Bf6 26. Qg4 Kh8 27. Rd6 Rg8 28. Qh5 Bg5 29. Re7 Qxd6 30. Nxd6 Bxe7 31. Nxf7+ Kh7 32. Qf5+ g6 33. Qd7 Rge8 34. Nd6 Rad8 35. Qxe8 1-0